Quantum theory of the optical and electronic properties of semiconductors by Hartmut Haug and Stephan W Koch (Record no. 1211508)

MARC details
000 -LEADER
fixed length control field 01032nam a2200325Ia 4500
003 - CONTROL NUMBER IDENTIFIER
control field OSt
005 - DATE AND TIME OF LATEST TRANSACTION
control field 20221007123204.0
008 - FIXED-LENGTH DATA ELEMENTS--GENERAL INFORMATION
fixed length control field 221006b |||||||| |||| 00| 0 eng d
020 ## - INTERNATIONAL STANDARD BOOK NUMBER
International Standard Book Number 9810213476 (pbk)
037 ## - SOURCE OF ACQUISITION
Terms of availability Textual
040 ## - CATALOGING SOURCE
Original cataloging agency PAPL
Transcribing agency PAPL
Language of cataloging eng
041 ## - LANGUAGE CODE
Source of code eng
Language code of text/sound track or separate title eng
100 ## - MAIN ENTRY--PERSONAL NAME
Personal name Haug Hartmut
9 (RLIN) 716797
245 #0 - TITLE STATEMENT
Title Quantum theory of the optical and electronic properties of semiconductors by Hartmut Haug and Stephan W Koch
Remainder of title Koch Stephan W
250 ## - EDITION STATEMENT
Edition statement Ed 2
260 ## - PUBLICATION, DISTRIBUTION, ETC.
Place of publication, distribution, etc. Singapore
Name of publisher, distributor, etc. World Scientific
Date of publication, distribution, etc. 1993
300 ## - PHYSICAL DESCRIPTION
Extent xv,473p
Dimensions cm.
500 ## - GENERAL NOTE
General note Includes bibliographical references; Index 466-473p; ^mPurchase; ^r1997-01-02
650 ## - SUBJECT ADDED ENTRY--TOPICAL TERM
Topical term or geographic name entry element Conduction
650 ## - SUBJECT ADDED ENTRY--TOPICAL TERM
Topical term or geographic name entry element Electricity
9 (RLIN) 264331
650 ## - SUBJECT ADDED ENTRY--TOPICAL TERM
Topical term or geographic name entry element Semiconductors
9 (RLIN) 468426
650 ## - SUBJECT ADDED ENTRY--TOPICAL TERM
Topical term or geographic name entry element Physics
700 ## - ADDED ENTRY--PERSONAL NAME
Personal name Koch Stephan W
9 (RLIN) 713443
942 ## - ADDED ENTRY ELEMENTS (KOHA)
Classification part C6:212, N3
Koha item type Textual
Source of classification or shelving scheme Colon Classification (CC)
Holdings
Withdrawn status Lost status Source of classification or shelving scheme Damaged status Not for loan Home library Current library Date acquired Total Checkouts Full call number Barcode Date last seen Price effective from Koha item type
    Colon Classification (CC)     Department of Physics and Astrophysics Library Department of Physics and Astrophysics Library 2022-10-07   C6:212 N3 PA0005022 2022-10-07 2022-10-07 Textual
Copyright @ Delhi University Library System